• 首页
  • 本馆介绍
  • 公告通知
  • 最新文献
  • 馆藏检索
  • 电子资源
  • 读者导购
  • 参考咨询
  • 我的图书馆
  • 登录
  • 详细信息显示
  • 放入我的书架
  • 预约/预借图书
  • 作者相关作品
  • 分类相关作品
  • 丛书相关作品
  • 出版社相关作品

书目信息

  • 表格格式
  • 工作单格式
  • 卡片格式
题名:
中国创业投资发展报告2003
    
 
作者: 王松奇 主编
分册:  
出版信息: 北京   经济管理出版社  2003.09
页数: 180页
开本: 30cm
丛书名:
单 册:
中图分类: F832.48
科图分类:
主题词: 投资--研究报告--中国--2003 , 投资
电子资源:
ISBN: 7-80162-732-6
000 00962nam0 2200265 450
001 002517688
005 20070920083006.40
010    @a7-80162-732-6@dCNY100.00
100    @a20031202d2003 em y0chiy0110 ea
101 0  @achi
102    @aCN@b110000
105    @ay igz 000yy
200 1  @a中国创业投资发展报告2003@AZhong Guo Chuang Ye Tou Zi Fa Zhan Bao Gao 2003@f王松奇主编@FWang Song Qi Zhu Bian
210    @a北京@c经济管理出版社@d2003.09
215    @a180页@d30cm
300    @a中国科学技术促进发展研究中心创业投资研究所重点课题
330    @a本报告介绍了创业投资机构与创业资本分析,创业投资情况分析,创业投资管理及政策环境分析,以及创业投资协会、创业投资机构的名录等。
510 1  @aVenture Capital Development in China 2003@zeng
606 0  @a投资@x研究报告@y中国@z2003
606 0  @a投资
690    @aF832.48@v4
701  0 @a王松奇@AWang Song Qi@4主编
801  0 @aCN@bTIGERTAZAN@c20070920
905    @aBZT@dF832.48@e147
906    @dCNY100.00@n0@r1
    
    中国创业投资发展报告2003/王松奇主编.-北京:经济管理出版社,2003.09
    180页;30cm
    中国科学技术促进发展研究中心创业投资研究所重点课题
    
    ISBN 7-80162-732-6:CNY100.00
    本报告介绍了创业投资机构与创业资本分析,创业投资情况分析,创业投资管理及政策环境分析,以及创业投资协会、创业投资机构的名录等。
●
相关链接 在五车中查询图书 在当当中查询图书 在豆瓣中查询图书


正题名:中国创业投资发展报告2003     索取号:F832.48/147         预约/预借

序号 登录号 条形码 馆藏地/架位号 状态 备注
1 582851   230149434   中心书库北库/ 北库034架B面3列1层11/ [索取号:F832.48/147] 在馆    
2 582852   230149433   中心书库北库/ 北库034架B面3列1层12/ [索取号:F832.48/147] 在馆    
3 582853   230149437   中心书库北库/ 北库034架B面3列1层13/ [索取号:F832.48/147] 在馆    
4 582854   230149436   中心书库北库/ 北库034架B面3列1层14/ [索取号:F832.48/147] 在馆    
5 582855   230149435   中心书库北库/ 北库034架B面3列1层15/ [索取号:F832.48/147] 在馆    
山东省滨州职业学院图书馆 欢迎您!
大连网信软件有限公司© 版权所有